000 00357nam a2200133Ia 4500
008 210210b2000 xxu||||| |||| 00| 0 eng d
082 _a398.2K NAVT
100 _aNAVIN KUMAR (Marike).
245 _aTulunadinalli koraga taniya: ondu adhyayana.
260 _aPutturu
_bShri Mahashakti Sangha
_c2000
300 _a61
690 _aFolklore
906 _a061655
999 _c108519
_d108519